000 006910000a22002290004500
090 _aAR
_b00228
245 1 0 _aNachträge zur reptilienfauna der insel Korfu
650 1 4 _aFauna
_992594
650 1 4 _aHerpetología
_98027
650 1 4 _aSerpientes
_993033
650 1 4 _aTaxonomía animal
_98245
650 1 4 _aBiología animal
_911433
653 _gAgama
_eAgama stellio
653 _gLacerta
_Lacerta trlineata
653 _gLacerta
_eLacerta viridis
653 _gAblephaurus
_eAblephaurus kitaibelli
653 _gColuber
_Coluber jugularis
041 0 _aAlemán
100 1 _aMertens, Robert
_993053
942 _cARTICULO
773 1 _tSenckenbergiana Biologica
_32
_h3-4
_q173-180
_d1968
_g49
999 _c9328
_d9328